Socializar conocimientos: primer encuentro de investigadores chilenos en Barcelona

Saved in:
書目詳細資料
格式: 圖書
語言:西班牙语
出版: Barcelona Icaria 2011
版:1a. ed
主題:
標簽: 添加標簽
沒有標簽, 成為第一個標記此記錄!

MARC

LEADER 00000cam a2200000 a 4500
001 UCG9482
003 CL-VaPUC
005 20250127104158.0
008 120316e20110400sp 1 spa d
020 |a 9788498883312 
082 0 4 |a 302.3  |b SOC  |2 21 
245 1 0 |a Socializar conocimientos: primer encuentro de investigadores chilenos en Barcelona 
250 |a 1a. ed 
260 |a Barcelona  |b Icaria  |c 2011 
300 |a 307 p 
583 |a last modification  |c 20190908 09:12:32  |k Rodrigo Vera 
650 0 0 |a Antropología   |9 233030 
650 0 0 |a Conocimiento humano  |9 402354 
650 0 7 |a ORGANIZACION HUMANA  |2 CL-VaPUC  |9 402353 
650 0 0 |a Ciencias sociales   |9 256351 
650 0 0 |a Ciencias naturales  |9 260542 
650 0 0 |a Humanidades  |9 395920 
650 0 0 |a Artes visuales  |9 336870 
650 0 0 |a Urbanismo  |9 255208 
650 0 0 |a Educación  |9 258661 
942 |c BK 
945 |a dcastane  |d 20120316 00:00:00 
546 |a En Español 
536 |a Universitat Politècnica de Catalunya 
518 |p Encuentro de Investigadores Chilenos, 1, Barcelona, 26 y 27 de febrero de 2010 
999 |c 384667  |d 384665 
952 |0 0  |1 0  |4 0  |6 302_300000000000000_SOC_2011  |7 0  |8 ED_SUP  |9 507524  |a BIBGIM  |b BIBGIM  |c S_PSTGRDO  |d 2020-01-23  |i 4845889  |o 302.3 SOC 2011  |p 4845889  |r 2025-01-15  |w 2020-01-23  |y BK  |k ESU 
952 |0 0  |1 0  |4 0  |6 302_300000000000000_SOC_2011  |7 0  |8 A  |9 507525  |a BIBHIS  |b BIBHIS  |d 2020-01-23  |i 4855760  |o 302.3 SOC 2011  |p 4855760  |r 2025-01-20  |w 2020-01-23  |y BK  |k HIS